[Event "Championnat de France des Jeunes - Benj"]
[Site "LA ROCHE SUR YON"]
[Date "2008.04.24"]
[Round "6.13"]
[White "Daadaa, Soha"]
[Black "Guinard, Charline"]
[Result "1-0"]
[WhiteElo "1650"]
[BlackElo "1330"]
[Annotator "Salaun,Michel"]
[PlyCount "131"]
[EventDate "2008.04.23"]
[EventType "swiss"]
[EventRounds "5"]
[EventCountry "FRA"]

1. d4 d5 2. c4 e6 3. Nc3 Nf6 4. Bg5 Be7 5. cxd5 exd5 6. e3 Nc6 7. Bd3 Bf5 8.
Bxf5 Ne4 9. Bxe4 dxe4 10. Bxe7 Qxe7 11. Nge2 O-O 12. a3 Rfe8 13. O-O Rad8 14.
Ng3 Qh4 15. Qc2 Rd7 16. Ncxe4 Re6 17. Nc5 Rh6 18. h3 Rd5 19. Nf5 Rxf5 20. Qxf5
Ne7 21. Qf4 Qxf4 22. exf4 b6 23. Na6 Nd5 24. Rfe1 f6 25. Rac1 Nxf4 26. Rxc7 Ng6
27. Re8+ Nf8 28. Rcc8 Kf7 29. Rxf8+ Kg6 30. Rc7 Rh4 31. d5 Rd4 32. Rd8 h5 33.
d6 h4 34. d7 Rd1+ 35. Kh2 Rd2 36. Rg8 b5 37. d8=Q Rxd8 38. Rxd8 f5 39. Rd6+ Kg5
40. Rxg7+ Kf4 41. Rd4+ Ke5 42. Rxh4 f4 43. Rxf4 Kxf4 44. Rg4+ Ke5 45. Kg3 Kd5
46. Nc7+ Kc5 47. Nxb5 Kxb5 48. Kf3 a5 49. Ke3 a4 50. Kd3 Ka5 51. Kc3 Kb5 52.
Rg5+ Kc6 53. Kb4 Kd6 54. Kc4 Ke6 55. Kd4 Kf6 56. Ra5 Kg6 57. Ke4 Kf7 58. Ra6
Ke8 59. Ra7 Kd8 60. Kd5 Kc8 61. Kd6 Kb8 62. Rh7 Ka8 63. Kc6 Kb8 64. Rg7 Ka8 65.
Kb6 Kb8 66. Rg8# 1-0

[Event "Championnat de France des Jeunes - Benj"]
[Site "LA ROCHE SUR YON"]
[Date "2008.04.24"]
[Round "6.12"]
[White "Costa, Elodie"]
[Black "Tabard, Anja"]
[Result "1-0"]
[WhiteElo "1480"]
[BlackElo "1660"]
[Annotator "Salaun,Michel"]
[PlyCount "91"]
[EventDate "2008.04.23"]
[EventType "swiss"]
[EventRounds "5"]
[EventCountry "FRA"]

1. e4 e5 2. Nf3 Nc6 3. Nc3 Nf6 4. d4 exd4 5. Nxd4 Bb4 6. Nxc6 Bxc3+ 7. bxc3
bxc6 8. Bd3 d5 9. exd5 cxd5 10. O-O O-O 11. Bg5 h6 12. Bf4 c6 13. c4 Ba6 14.
cxd5 Nxd5 15. Bxa6 Nxf4 16. Bb7 Qxd1 17. Rfxd1 Rad8 18. Bxc6 Rxd1+ 19. Rxd1
Ne2+ 20. Kf1 Nc3 21. Rd7 Nxa2 22. Rxa7 Nb4 23. Be4 g6 24. Rc7 Na6 25. Rc4 Rd8
26. Bb7 Nb8 27. Rc8 Rxc8 28. Bxc8 Kg7 29. Ke2 Kf6 30. Ke3 Ke5 31. Bb7 Nd7 32.
h3 g5 33. g3 Nc5 34. f4+ gxf4+ 35. gxf4+ Kd6 36. Be4 f6 37. c4 Ne6 38. f5 Ng5
39. h4 Nxe4 40. Kxe4 Kc5 41. Kd3 h5 42. Kc3 Kc6 43. Kd4 Kd6 44. c5+ Kc6 45. Kc4
Kd7 46. Kd5 1-0

[Event "Championnat de France des Jeunes - Benj"]
[Site "LA ROCHE SUR YON"]
[Date "2008.04.24"]
[Round "6.15"]
[White "Chalony, Chloe"]
[Black "Bertin, Cecile"]
[Result "0-1"]
[WhiteElo "1360"]
[BlackElo "1540"]
[Annotator "Salaun,Michel"]
[PlyCount "74"]
[EventDate "2008.04.23"]
[EventType "swiss"]
[EventRounds "5"]
[EventCountry "FRA"]

1. c4 e5 2. Nc3 Nc6 3. g3 g6 4. Bg2 Bg7 5. e3 Nf6 6. Nge2 d6 7. d4 O-O 8. dxe5
Nxe5 9. b3 Re8 10. O-O c6 11. Bb2 Be6 12. Nf4 d5 13. cxd5 cxd5 14. Ncxd5 Nxd5
15. Bxd5 Bg4 16. f3 Bxf3 17. Bxf3 Nxf3+ 18. Qxf3 Bxb2 19. Rad1 Qb6 20. Nd5 Qc5
21. Nf6+ Bxf6 22. Qxf6 Qxe3+ 23. Rf2 Re7 24. Kf1 Rf8 25. Re2 Qxe2+ 26. Kg1
Qxd1+ 27. Kg2 Qd2+ 28. Kh3 Qh6+ 29. Kg2 Re2+ 30. Kf3 Qe3+ 31. Kg4 h5+ 32. Kh3
Rf2 33. Qh4 Qe6+ 34. g4 Rf3+ 35. Kg2 Qe2+ 36. Qf2 Rxf2+ 37. Kh3 Qxg4# 0-1

[Event "Championnat de France des Jeunes - Benj"]
[Site "LA ROCHE SUR YON"]
[Date "2008.04.24"]
[Round "6.14"]
[White "Belafkih, Kimia"]
[Black "Bogen, Fanny"]
[Result "0-1"]
[WhiteElo "1430"]
[BlackElo "1580"]
[Annotator "Salaun,Michel"]
[PlyCount "44"]
[EventDate "2008.04.23"]
[EventType "swiss"]
[EventRounds "5"]
[EventCountry "FRA"]

1. e4 c5 2. Nf3 Nf6 3. Nc3 d5 4. exd5 Nxd5 5. Bc4 Nc7 6. d3 e6 7. Be3 b6 8. Qe2
Bb7 9. O-O-O Nc6 10. a3 Nd4 11. Bxd4 cxd4 12. Ne4 b5 13. Bb3 a5 14. Kb1 a4 15.
Ba2 b4 16. axb4 Bxb4 17. Ned2 a3 18. b3 Nd5 19. Ne4 f5 20. Ka1 fxe4 21. Rc1
Bc3+ 22. Kb1 Bb2 0-1

[Event "Championnat de France des Jeunes - Benj"]
[Site "LA ROCHE SUR YON"]
[Date "2008.04.25"]
[Round "7.13"]
[White "Pivard, Elsa"]
[Black "Gourdelier, Alice"]
[Result "1-0"]
[WhiteElo "1620"]
[BlackElo "1490"]
[Annotator "Salaun,Michel"]
[PlyCount "173"]
[EventDate "2008.04.23"]
[EventType "swiss"]
[EventRounds "5"]
[EventCountry "FRA"]

1. e4 e5 2. Nf3 Nc6 3. Bc4 Bc5 4. Nc3 Nf6 5. d3 d6 6. h3 h6 7. Be3 Bb6 8. Qd2
O-O 9. g4 Nh7 10. g5 Bxe3 11. Qxe3 Nxg5 12. Nxg5 Qxg5 13. Qxg5 hxg5 14. O-O-O
Na5 15. Nd5 c6 16. Ne7+ Kh7 17. Rdg1 Nxc4 18. dxc4 f6 19. h4 g6 20. hxg5+ Kg7
21. gxf6+ Rxf6 22. Rh2 Kf7 23. Rh7+ Ke6 24. Rxg6 Rxg6 25. Nxg6 Kf6 26. Nh4 b6
27. Kd2 Be6 28. b3 Bf7 29. Rh6+ Kg5 30. Nf5 Bg6 31. Rh2 Bxf5 32. exf5 Kxf5 33.
Rh6 Rd8 34. Ke3 c5 35. Rh7 d5 36. cxd5 Rxd5 37. Rxa7 b5 38. a4 bxa4 39. Rxa4
Rd1 40. Ke2 Rc1 41. Rc4 Ke6 42. Rxc5 Kf5 43. b4 Ke4 44. f3+ Kd4 45. Rc8 Rb1 46.
c3+ Kd5 47. Rc5+ Kd6 48. Kd3 Ke6 49. Rc4 Rd1+ 50. Ke2 Rb1 51. f4 exf4 52. Rxf4
Kd5 53. Rd4+ Kc6 54. Kd3 Kb5 55. Rd5+ Kb6 56. Kc4 Rh1 57. Rd6+ Kc7 58. Kc5 Rh5+
59. Rd5 Rh6 60. b5 Kb7 61. c4 Rg6 62. Rd7+ Kb8 63. Rd6 Rg5+ 64. Kb6 Rg8 65. c5
Ka8 66. Rd7 Rb8+ 67. Ka6 Rb7 68. Rd8+ Rb8 69. Rxb8+ Kxb8 70. b6 Ka8 71. c6 Kb8
72. b7 Kc7 73. Ka7 Kxc6 74. b8=Q Kc5 75. Qb7 Kc4 76. Qb6 Kd5 77. Kb7 Kc4 78.
Qa5 Kb3 79. Kc6 Kc4 80. Qa4+ Kc3 81. Kd5 Kd3 82. Qa3+ Kc2 83. Kc4 Kb1 84. Qb3+
Ka1 85. Qb4 Ka2 86. Kc3 Ka1 87. Qb2# 1-0

[Event "Championnat de France des Jeunes - Benj"]
[Site "LA ROCHE SUR YON"]
[Date "2008.04.25"]
[Round "7.11"]
[White "Roger, Juliette"]
[Black "Stubbe, Alicia"]
[Result "1/2-1/2"]
[WhiteElo "1460"]
[BlackElo "1570"]
[Annotator "Salaun,Michel"]
[PlyCount "148"]
[EventDate "2008.04.23"]
[EventType "swiss"]
[EventRounds "5"]
[EventCountry "FRA"]

1. e4 c5 2. d4 e6 3. dxc5 Bxc5 4. Nf3 Qb6 5. Qd2 Nf6 6. Nc3 Ng4 7. Nd1 O-O 8.
Bd3 Nc6 9. O-O Nge5 10. Nxe5 Nxe5 11. Nc3 Nxd3 12. Qxd3 Qc6 13. Bf4 b6 14. Qb5
Bb7 15. Qxc6 Bxc6 16. a3 Bd4 17. Rfe1 Bxc3 18. bxc3 d5 19. exd5 Bxd5 20. Be5 f6
21. Bf4 Rac8 22. Bd2 Rfd8 23. Red1 Be4 24. Rac1 Rc4 25. Be1 Rxd1 26. Rxd1 Ra4
27. Ra1 Bxc2 28. f3 Kf7 29. Kf2 Ke7 30. Ke3 Kd6 31. Kd2 Kd5 32. Kxc2 Kc4 33.
Kb2 Ra5 34. a4 Re5 35. Rd1 Re2+ 36. Ka3 Rxg2 37. h4 Rg1 38. Rd4+ Kc5 39. Re4
Kd5 40. c4+ Kd6 41. Bb4+ Kd7 42. Rd4+ Ke8 43. c5 Ra1+ 44. Kb3 Rb1+ 45. Kc4 Rc1+
46. Kb5 bxc5 47. Bxc5 a6+ 48. Kb6 Rc3 49. f4 Kf7 50. Bb4 Rc8 51. Kxa6 Ra8+ 52.
Kb5 Rb8+ 53. Kc4 e5 54. fxe5 fxe5 55. Re4 Ke6 56. a5 Kf5 57. Re1 e4 58. a6 Rc8+
59. Kd5 Ra8 60. Rxe4 Rxa6 61. Re7 Rh6 62. Be1 Rh5 63. Re5+ Kg4 64. Rxh5 Kxh5
65. Ke5 Kg4 66. Ke4 h6 67. Ke3 g6 68. Ke4 g5 69. hxg5 hxg5 70. Ke3 Kh3 71. Bf2
Kg2 72. Ke2 g4 73. Ke3 g3 74. Bxg3 Kxg3 1/2-1/2

[Event "Championnat de France des Jeunes - Benj"]
[Site "LA ROCHE SUR YON"]
[Date "2008.04.25"]
[Round "7.12"]
[White "Guo, Charlotte"]
[Black "Eggenspieler, Jennifer"]
[Result "1-0"]
[WhiteElo "1700"]
[BlackElo "1590"]
[Annotator "Salaun,Michel"]
[PlyCount "69"]
[EventDate "2008.04.23"]
[EventType "swiss"]
[EventRounds "5"]
[EventCountry "FRA"]

1. e4 e5 2. Nf3 Nc6 3. Bc4 Bc5 4. c3 d6 5. d4 exd4 6. cxd4 Bb4+ 7. Kf1 Nf6 8.
Qb3 O-O 9. d5 Bc5 10. dxc6 bxc6 11. Nc3 h6 12. Bf4 Qe7 13. Qc2 Re8 14. Re1 Nh5
15. Be3 Bb4 16. h3 Bd7 17. Kg1 c5 18. Nd5 Qd8 19. Nxb4 cxb4 20. Kh2 Bc6 21.
Bxf7+ Kxf7 22. Qxc6 Nf6 23. Bd4 Re6 24. Bxf6 Rxf6 25. Rd1 Qc8 26. Rhe1 Kg8 27.
e5 dxe5 28. Qc4+ Kh8 29. Nxe5 Rxf2 30. Ng6+ Kh7 31. Qe4 Qb8 32. Rd7 Qc8 33.
Nf8+ Kg8 34. Qh7+ Kxf8 35. Qxg7# 1-0

[Event "Championnat de France des Jeunes - Mini"]
[Site "LA ROCHE SUR YON"]
[Date "2008.04.24"]
[Round "6.11"]
[White "Dubois, Emmanuelle"]
[Black "Jolly, Marie"]
[Result "0-1"]
[WhiteElo "1785"]
[BlackElo "1723"]
[Annotator "Salaun,Michel"]
[PlyCount "124"]
[EventDate "2008.04.27"]
[EventType "swiss"]
[EventRounds "9"]
[EventCountry "FRA"]

1. e4 e6 2. d4 d5 3. e5 c5 4. c3 Nc6 5. Nf3 Bd7 6. Bd3 Rc8 7. O-O cxd4 8. cxd4
Qb6 9. Bc2 Nb4 10. Ba4 Bxa4 11. Qxa4+ Rc6 12. Nc3 Nd3 13. Rb1 Bb4 14. Ne2 Nxc1
15. Rfxc1 Qa5 16. Qxa5 Bxa5 17. Rxc6 bxc6 18. Rc1 Ne7 19. a3 h6 20. b4 Bb6 21.
a4 a5 22. Rb1 Kd7 23. bxa5 Bxa5 24. Rb7+ Bc7 25. Ra7 Rb8 26. h3 Nc8 27. Ra6 Rb6
28. Rxb6 Nxb6 29. a5 Nc4 30. a6 Bb6 31. g4 Kc7 32. g5 Kb8 33. Ng3 hxg5 34. Nxg5
Bxd4 35. Nxf7 Nxe5 36. Nd8 Ka7 37. Nxe6 Nf3+ 38. Kg2 Nh4+ 39. Kf1 Bf6 40. Nc5
Be7 41. Ne6 g6 42. Ke2 Kxa6 43. f4 c5 44. Kd3 Kb6 45. Ne2 Kc6 46. Ke3 Kd6 47.
Ng5 Bxg5 48. fxg5 Ke5 49. Nc1 d4+ 50. Kd3 Kd5 51. Kd2 Nf3+ 52. Ke2 Nxg5 53. h4
Ne6 54. Nd3 c4 55. Nc1 Ke4 56. Kd1 Nf4 57. Kd2 Ng2 58. Ne2 Nxh4 59. Ng3+ Kf3
60. Ne2 Nf5 61. Ng1+ Kg2 62. Ne2 g5 0-1

[Event "Championnat de France des Jeunes - Benj"]
[Site "LA ROCHE SUR YON"]
[Date "2008.04.26"]
[Round "8.11"]
[White "Dufour, Celine"]
[Black "Bertin, Cecile"]
[Result "1-0"]
[WhiteElo "1490"]
[BlackElo "1540"]
[Annotator "Salaun,Michel"]
[PlyCount "89"]
[EventDate "2008.04.23"]
[EventType "swiss"]
[EventRounds "5"]
[EventCountry "FRA"]

1. e4 c5 2. Nf3 Nc6 3. Bb5 e6 4. Bxc6 bxc6 5. d3 d5 6. Nc3 Be7 7. O-O Nf6 8.
Re1 O-O 9. Bd2 Qc7 10. Bg5 Rb8 11. Rb1 Bb7 12. Bh4 Ne8 13. Bxe7 Qxe7 14. Qd2 f6
15. Na4 e5 16. Qa5 Bc8 17. Qxc5 Qxc5 18. Nxc5 Rb5 19. Nb3 Rb4 20. h3 Nd6 21.
Nbd2 Nb5 22. a3 Ra4 23. Nb3 Ra6 24. Rbd1 d4 25. Nfd2 Rb6 26. Nc4 Rb8 27. Nc5
Nc7 28. Re2 Rb5 29. Nb3 Na6 30. Nd6 Rb8 31. Nxc8 Rfxc8 32. Rb1 c5 33. Nd2 Nc7
34. Nc4 Ne6 35. Ree1 Kf8 36. g3 Ke7 37. Kg2 g6 38. Rf1 Rg8 39. Na5 Kd7 40. Nc4
Nd8 41. Rbc1 Ke6 42. Rfe1 Nc6 43. Rf1 g5 44. Rb1 h6 45. Rh1 1-0

[Event "Championnat de France des Jeunes - Benj"]
[Site "LA ROCHE SUR YON"]
[Date "2008.04.25"]
[Round "7.14"]
[White "Belafkih, Kimia"]
[Black "Henry, Laura"]
[Result "1-0"]
[WhiteElo "1430"]
[BlackElo "1667"]
[Annotator "Salaun,Michel"]
[PlyCount "49"]
[EventDate "2008.04.23"]
[EventType "swiss"]
[EventRounds "5"]
[EventCountry "FRA"]

1. e4 e5 2. Nf3 Nc6 3. Bc4 Be7 4. O-O Nf6 5. d3 O-O 6. Nc3 d6 7. h3 Re8 8. Be3
Na5 9. Bb3 Nc6 10. Qe2 h6 11. Rad1 a6 12. d4 Bd7 13. a3 Bf8 14. dxe5 dxe5 15.
Rfe1 Bd6 16. Nd2 Ne7 17. Qf3 Rf8 18. Bxh6 gxh6 19. Qxf6 Ng6 20. Qxg6+ Kh8 21.
Qxh6+ Kg8 22. Nd5 (22. Re3) 22... Be7 23. Nf3 c6 24. Nxe7+ Qxe7 25. Ng5 1-0

[Event "Championnat de France des Jeunes - Benj"]
[Site "LA ROCHE SUR YON"]
[Date "2008.04.25"]
[Round "7.15"]
[White "Tabard, Anja"]
[Black "Amosse, Blandine"]
[Result "1/2-1/2"]
[WhiteElo "1660"]
[BlackElo "1420"]
[Annotator "Salaun,Michel"]
[PlyCount "41"]
[EventDate "2008.04.23"]
[EventType "swiss"]
[EventRounds "5"]
[EventCountry "FRA"]

1. e4 e5 2. Nf3 d6 3. d4 Nd7 4. Nc3 Ngf6 5. Bg5 Be7 6. Bc4 O-O 7. O-O Re8 8.
Re1 c6 9. Qd3 b5 10. Bb3 Qc7 11. d5 b4 12. Na4 Bb7 13. c3 cxd5 14. Bxd5 Nxd5
15. exd5 f6 16. Bd2 Nc5 17. Nxc5 Qxc5 18. c4 a5 19. b3 Ba6 20. Be3 Qc7 21. Nd2
{(=)} 1/2-1/2

[Event "Championnat de France des Jeunes - Mini"]
[Site "LA ROCHE SUR YON"]
[Date "2008.04.24"]
[Round "6.13"]
[White "Girod, Sarah"]
[Black "Josse, Mathilde"]
[Result "0-1"]
[WhiteElo "1480"]
[BlackElo "1726"]
[Annotator "Salaun,Michel"]
[PlyCount "114"]
[EventDate "2008.04.27"]
[EventType "swiss"]
[EventRounds "9"]
[EventCountry "FRA"]

1. e4 e5 2. Nf3 Nc6 3. Nc3 Nf6 4. Bb5 a6 5. Bxc6 dxc6 6. Nxe5 Qd4 7. Nf3 Qc5 8.
d4 Qh5 9. Bf4 Bb4 10. Qd3 Ba5 11. O-O-O O-O 12. h3 Bxc3 13. Qxc3 Nxe4 14. Qe3
Nd6 15. Ne5 f6 16. Qb3+ Kh8 17. g4 Qe8 18. Nc4 Nxc4 19. Qxc4 b5 20. Qc5 Rf7 21.
Rhe1 Be6 22. d5 cxd5 23. Rxd5 Qc8 24. Rd3 Bc4 25. Rde3 Qd7 26. Bxc7 Rc8 27. Re7
Rxe7 28. Rxe7 Rxc7 29. Qxc7 Qxc7 30. Rxc7 h6 31. b3 Bf1 32. h4 Be2 33. Rc6 Bxg4
34. Rxa6 Kh7 35. Rb6 Bd7 36. Kd2 Kg6 37. Rd6 Be8 38. Rd5 f5 39. Kd3 Kh5 40.
Rxf5+ Kxh4 41. c4 Bg6 42. cxb5 Bxf5+ 43. Kd4 Kg4 44. b6 Bc8 45. Ke3 Kh3 46. a4
h5 47. a5 Kg2 48. b4 h4 49. b5 h3 50. a6 h2 51. a7 $4 (51. b7) 51... Bb7 52.
Kd4 h1=Q 53. Ke5 Kxf2 54. Kd6 Ke3 55. Kc7 Qd5 56. a8=Q Bxa8 57. Kb8 Qb7# 0-1

[Event "Championnat de France des Jeunes - Mini"]
[Site "LA ROCHE SUR YON"]
[Date "2008.04.24"]
[Round "6.15"]
[White "Copin, Oceane"]
[Black "Le Bail, Arielle"]
[Result "1-0"]
[WhiteElo "1720"]
[BlackElo "1789"]
[Annotator "Salaun,Michel"]
[PlyCount "89"]
[EventDate "2008.04.27"]
[EventType "swiss"]
[EventRounds "9"]
[EventCountry "FRA"]

1. d4 d5 2. Nf3 Nf6 3. c4 c6 4. Qc2 g6 5. g3 Bg7 6. Bg2 Qb6 7. O-O Bf5 8. Qb3
Nbd7 9. c5 Qxb3 10. axb3 O-O 11. Bf4 Nb8 12. Nbd2 Na6 13. Ra4 Ne4 14. Nxe4 Bxe4
15. Nd2 Bxg2 16. Kxg2 Rfc8 17. Rfa1 f6 18. b4 e5 19. Be3 Re8 20. Kf1 Re6 21.
Nb3 Rae8 22. Re1 f5 23. dxe5 Bxe5 24. Bd4 Bb8 25. Na5 Re4 26. e3 Nc7 27. Nxb7
Nb5 28. Rd1 R8e7 29. Na5 R7e6 30. f3 Rxd4 31. exd4 Bc7 32. Kf2 Bd8 33. Nb3 Bg5
34. Rd3 Kg7 35. f4 Bf6 36. Re3 Nxd4 37. Rxe6 Nxe6 38. Rxa7+ Kh6 39. Ra6 Bxb2
40. Rxc6 Nf8 41. Rd6 Bc3 42. b5 d4 43. Nxd4 Bb4 44. Nb3 Kg7 45. b6 1-0

[Event "Championnat de France des Jeunes - Mini"]
[Site "LA ROCHE SUR YON"]
[Date "2008.04.24"]
[Round "6.12"]
[White "Goubert, Caroline"]
[Black "Thuret, Marine"]
[Result "0-1"]
[WhiteElo "1680"]
[BlackElo "1765"]
[Annotator "Salaun,Michel"]
[PlyCount "90"]
[EventDate "2008.04.27"]
[EventType "swiss"]
[EventRounds "9"]
[EventCountry "FRA"]

1. e4 c5 2. Nf3 d6 3. h3 Nc6 4. Bc4 g6 5. d3 Bg7 6. c3 e6 7. Be3 b6 8. d4 cxd4
9. cxd4 Qc7 10. Bb5 Bd7 11. Nc3 Nge7 12. Rc1 Qb7 13. d5 exd5 14. exd5 Nb4 15.
Bxd7+ Qxd7 16. Bd4 f6 17. Be3 Rc8 18. Qd4 Na6 19. Ng5 Nc7 20. O-O O-O 21. Nf3
h5 22. Bf4 g5 23. Bh2 f5 24. Qd3 g4 25. hxg4 hxg4 26. Nd4 f4 27. Rfe1 Be5 28.
Nde2 Kg7 29. Kf1 Ng6 30. Ne4 Qf5 31. N2c3 Qh5 32. Bg1 f3 33. Red1 Qh1 34. gxf3
gxf3 35. Ne2 Qg2+ 36. Ke1 fxe2 37. Qxe2 Qxg1+ 38. Qf1 Qg4 39. Nc3 Rfe8 40. f3
Bxc3+ 41. Kf2 Qh4+ 42. Kg2 Nf4+ 43. Kg1 Ne2+ 44. Qxe2 Rxe2 45. Kf1 Qf2# 0-1

[Event "Championnat de France des Jeunes - Mini"]
[Site "LA ROCHE SUR YON"]
[Date "2008.04.25"]
[Round "7.11"]
[White "Khan, Mai-Ly"]
[Black "Saucey, Capucine"]
[Result "0-1"]
[WhiteElo "1700"]
[BlackElo "1780"]
[Annotator "Salaun,Michel"]
[PlyCount "70"]
[EventDate "2008.04.27"]
[EventType "swiss"]
[EventRounds "9"]
[EventCountry "FRA"]

1. e4 e5 2. Nf3 Nc6 3. d4 exd4 4. Nxd4 Bc5 5. Be3 Qf6 6. c3 Nge7 7. Bc4 d6 8.
O-O Ne5 9. Bb3 Qg6 10. f3 a5 11. a4 h5 12. Nc2 h4 13. Bxc5 dxc5 14. Qe2 O-O 15.
Ne3 Kh8 16. Re1 Qh6 17. Nd2 N7g6 18. Ndc4 Nf4 19. Qd2 Nxc4 20. Nxc4 Be6 21. Qc2
b6 22. Rad1 Rad8 23. Rd2 Rxd2 24. Nxd2 Rd8 25. Nf1 c4 26. Ba2 Qg5 27. Ne3 Bh3
28. Kh1 Nxg2 29. f4 Nxe1 30. Qe2 Qxf4 31. Qxe1 Qxe4+ 32. Kg1 Rd1 33. Qxd1 Qxe3+
34. Kh1 Qe4+ 35. Kg1 Qg2# 0-1

[Event "Championnat de France des Jeunes - Mini"]
[Site "LA ROCHE SUR YON"]
[Date "2008.04.24"]
[Round "6.14"]
[White "Pinault, Mailys"]
[Black "Christophe, Lucie"]
[Result "1/2-1/2"]
[WhiteElo "1796"]
[BlackElo "1700"]
[Annotator "Salaun,Michel"]
[PlyCount "64"]
[EventDate "2008.04.27"]
[EventType "swiss"]
[EventRounds "9"]
[EventCountry "FRA"]

1. e4 d5 2. exd5 Qxd5 3. Nc3 Qa5 4. d4 c6 5. Bc4 Nf6 6. Nf3 Bf5 7. Ne5 e6 8.
Qe2 Bb4 9. Bd2 Nbd7 10. Nxd7 Kxd7 11. O-O-O Rad8 12. a3 Bxc3 13. Bxc3 Qc7 14.
f3 Kc8 15. g4 Bg6 16. g5 Nd5 17. Bd2 Nb6 18. Ba5 Qf4+ 19. Bd2 Qxd4 20. Bb3 Qd6
21. h4 Bh5 22. Kb1 Qg3 23. Rdf1 Nd5 24. Rhg1 Qd6 25. Rd1 Qc7 26. Qe4 Bg6 27.
Qg4 Bf5 28. Qa4 Kb8 29. Rge1 Nb6 30. Qb4 Nd5 31. Qa4 Nb6 32. Qb4 Nd5 1/2-1/2

[Event "Championnat de France des Jeunes - Mini"]
[Site "LA ROCHE SUR YON"]
[Date "2008.04.25"]
[Round "7.13"]
[White "Buscara, Lena"]
[Black "Durot, Edwige"]
[Result "0-1"]
[WhiteElo "1691"]
[BlackElo "1757"]
[Annotator "Salaun,Michel"]
[PlyCount "170"]
[EventDate "2008.04.27"]
[EventType "swiss"]
[EventRounds "9"]
[EventCountry "FRA"]

1. e4 c5 2. d4 cxd4 3. c3 dxc3 4. Nxc3 a6 5. Bc4 e6 6. Nf3 Nc6 7. O-O Qc7 8.
Qe2 Be7 9. a3 d6 10. Bf4 Nf6 11. e5 Nh5 12. exd6 Nxf4 13. dxc7 Nxe2+ 14. Bxe2
Bd6 15. Rad1 Bxc7 16. Ne4 O-O 17. Nd6 Rd8 18. Nxc8 Raxc8 19. Rxd8+ Rxd8 20. Rd1
Rxd1+ 21. Bxd1 Kf8 22. h3 Na5 23. Be2 Bf4 24. b4 Nc6 25. b5 axb5 26. Bxb5 Ke7
27. a4 Na7 28. Bd3 h6 29. Nd4 Be5 30. Nb3 b6 31. Kf1 Nc6 32. Bb5 Nb4 33. a5
bxa5 34. Nxa5 Nd5 35. Nc6+ Kd6 36. Nxe5 Kxe5 37. Be8 Kf6 38. Bc6 Kf5 39. Ke2
Nc3+ 40. Kf3 Nd5 41. Be8 Kf6 42. Bb5 Ne7 43. Ke4 Nf5 44. Be2 Nh4 45. g3 Nf5 46.
g4 Nd6+ 47. Kd4 Ne8 48. f4 Nc7 49. Bc4 Ne8 50. h4 Ke7 51. Be2 f6 52. Bd3 Nc7
53. Bc4 Kd6 54. Ke4 Nd5 55. f5 exf5+ 56. gxf5 Ne7 57. h5 Kc5 58. Be6 Nc6 59.
Bd7 Ne5 60. Be6 Nc4 61. Kf4 Nd6 62. Ke3 Nc4+ 63. Ke4 Ne5 64. Bg8 Nc6 65. Be6
Nd4 66. Bc8 Ne2 67. Kf3 Nc3 68. Be6 Kd4 69. Bc8 Ke5 70. Kg4 Nd5 71. Kf3 Ne7 72.
Bd7 Nxf5 73. Be8 Nd4+ 74. Kg4 f5+ 75. Kg3 f4+ 76. Kf2 Kf5 77. Bg6+ Kg5 78. Be8
Nf5 79. Kf3 Ng3 80. Bd7 Nxh5 81. Be6 Ng3 82. Bd5 h5 83. Be6 h4 84. Bd7 Nf5 85.
Bb5 Nd4+ 0-1

[Event "Championnat de France des Jeunes - Mini"]
[Site "LA ROCHE SUR YON"]
[Date "2008.04.25"]
[Round "7.14"]
[White "Abidi, Ines"]
[Black "Pinault, Mailys"]
[Result "0-1"]
[WhiteElo "1670"]
[BlackElo "1796"]
[Annotator "Salaun,Michel"]
[PlyCount "72"]
[EventDate "2008.04.27"]
[EventType "swiss"]
[EventRounds "9"]
[EventCountry "FRA"]

1. d4 Nf6 2. c4 d6 3. Nc3 g6 4. e4 Bg7 5. f3 Nbd7 6. Be3 b6 7. Qd2 O-O 8. Nge2
c5 9. d5 Ne5 10. Nf4 a6 11. Qf2 Bd7 12. g4 Ne8 13. h4 h6 14. Rg1 b5 15. cxb5
axb5 16. Nxb5 Bxb5 17. Bxb5 Qa5+ 18. Bd2 Qxb5 19. Bc3 g5 20. hxg5 hxg5 21. Bxe5
Bxe5 22. Ne2 Kg7 23. Qe3 f6 24. Ng3 Rh8 25. Nf5+ Kf7 26. Qf2 Ng7 27. Qe2 Qxe2+
28. Kxe2 Nxf5 29. gxf5 Rh2+ 30. Kd3 Rxb2 31. Rac1 Raxa2 (31... Ra3+ 32. Kc4
Rb4#) 32. Rh1 Rb3+ (32... Ra3+ 33. Kc4 Rb4#) 33. Kc4 Rb4+ 34. Kd3 Kg7 35. Rb1
Rd4+ 36. Ke3 Bf4# 0-1

[Event "Championnat de France des Jeunes - Mini"]
[Site "LA ROCHE SUR YON"]
[Date "2008.04.25"]
[Round "7.12"]
[White "Auffret, Gaelle"]
[Black "Copin, Oceane"]
[Result "0-1"]
[WhiteElo "1770"]
[BlackElo "1720"]
[Annotator "Salaun,Michel"]
[PlyCount "70"]
[EventDate "2008.04.27"]
[EventType "swiss"]
[EventRounds "9"]
[EventCountry "FRA"]

1. d4 d5 2. c4 c6 3. Nc3 Nf6 4. e3 e6 5. Nf3 Nbd7 6. Bd2 Bd6 7. Qc2 O-O 8. e4
dxe4 9. Nxe4 Nxe4 10. Qxe4 Nf6 11. Qc2 Re8 12. Bc3 c5 13. dxc5 Bxc5 14. Be2 Bf8
15. O-O b6 16. Rad1 Qe7 17. Ne5 Bb7 18. Bd3 g6 19. Rd2 Bg7 20. Rfd1 Rad8 21. b3
Bh6 22. Re2 Nd7 23. Qb2 Qg5 24. Be4 Bxe4 25. Rxe4 Nxe5 26. Rxd8 Nf3+ 27. Kf1
Nxh2+ 28. Kg1 Nf3+ 29. Kf1 Qxd8 30. gxf3 Qd1+ 31. Kg2 Rd8 32. Rh4 Qc1 33. Qe2
Qxc3 34. Rxh6 Qd2 35. Qe5 Qxh6 0-1

[Event "Championnat de France des Jeunes - Mini"]
[Site "LA ROCHE SUR YON"]
[Date "2008.04.25"]
[Round "7.15"]
[White "Dubois, Emmanuelle"]
[Black "Girod, Sarah"]
[Result "0-1"]
[WhiteElo "1785"]
[BlackElo "1480"]
[Annotator "Salaun,Michel"]
[PlyCount "63"]
[EventDate "2008.04.27"]
[EventType "swiss"]
[EventRounds "9"]
[EventCountry "FRA"]

1. e4 e5 2. Nf3 Nc6 3. Bc4 Nf6 4. d4 Nxe4 5. dxe5 Qe7 6. O-O Nxe5 7. Nxe5 Qxe5
8. Re1 Bd6 9. g3 O-O 10. Bd5 Re8 11. Rxe4 Qf6 12. Rxe8+ Bf8 13. Qf3 Qg6 14. Nc3
c6 15. Bb3 d5 16. Qe3 Qd6 17. Qf4 Qd7 18. Qe5 f6 19. Qe1 a5 20. Na4 Qf5 21. Qe7
h6 22. Qxf8+ Kh7 23. Qh8+ Kg6 24. Rg8 Kh5 25. Qxg7 Qg5 26. Bxg5 fxg5 27. Qh8 (
27. Qf7+ Kg4 28. f3+ Kh3 29. Qh5#) 27... Ra7 28. Rxc8 b5 29. Rxc6 bxa4 30.
Qxh6+ Kg4 31. h3+ Kf5 32. Qe6# 0-1

[Event "Championnat de France des Jeunes - Mini"]
[Site "LA ROCHE SUR YON"]
[Date "2008.04.26"]
[Round "8.11"]
[White "De Seroux, Camille"]
[Black "Martin, Madge"]
[Result "1-0"]
[WhiteElo "1867"]
[BlackElo "1380"]
[Annotator "Salaun,Michel"]
[PlyCount "53"]
[EventDate "2008.04.27"]
[EventType "swiss"]
[EventRounds "9"]
[EventCountry "FRA"]

1. e4 e5 2. Nf3 Nc6 3. Bc4 Bc5 4. c3 d6 5. d4 exd4 6. cxd4 Bb4+ 7. Nc3 Nf6 8.
Qc2 O-O 9. O-O Qe7 10. Re1 Re8 11. e5 dxe5 12. dxe5 Ng4 13. Ng5 g6 14. Bxf7+
Kg7 15. Bxe8 Bf5 16. Qa4 Qc5 17. Nge4 Qxe5 18. Bxc6 Qxh2+ 19. Kf1 Bxc3 20. bxc3
Nf6 21. Qd4 Qh1+ 22. Ke2 Qh5+ 23. f3 Bxe4 24. Bxe4 Re8 25. Kf2 Qh4+ 26. Kf1 Kf7
27. Bd5+ 1-0

[Event "Championnat de France des Jeunes - Mini"]
[Site "LA ROCHE SUR YON"]
[Date "2008.04.26"]
[Round "8.12"]
[White "Macarry, Elodie"]
[Black "Christophe, Lucie"]
[Result "1-0"]
[WhiteElo "1805"]
[BlackElo "1700"]
[Annotator "Salaun,Michel"]
[PlyCount "39"]
[EventDate "2008.04.27"]
[EventType "swiss"]
[EventRounds "9"]
[EventCountry "FRA"]

1. e4 d5 2. exd5 Qxd5 3. Nc3 Qa5 4. d4 c6 5. Bd2 Qb6 6. Bc4 Qxd4 7. Qe2 Qb6 8.
O-O-O Bf5 9. g4 Bg6 10. f4 h5 11. f5 Bh7 12. Nf3 Nd7 13. Ng5 Nh6 14. Bf4 O-O-O
15. Bxf7 Bg8 16. Bxg8 Rxg8 17. Ne6 Re8 18. Rxd7 Kxd7 19. Rd1+ Kc8 20. Qe5 1-0